| 000 | 01333nam a22002897a 4500 | ||
|---|---|---|---|
| 005 | 20250612145816.0 | ||
| 007 | cr | ||
| 008 | 210907e20210217ag |||||om||| 001 0 spa d | ||
| 040 |
_aAR-FvUNAJ _cAR-FvUNAJ _eaacr2 |
||
| 041 | _aspa | ||
| 100 | 1 |
_913222 _aChocobar, Gabriel Fernando |
|
| 245 | 1 | 0 |
_aTratamiento brindado por el equipo interdisciplinario de salud, a adultos mayores con deterioro cognitivo leve / _cGabriel Fernando Chocobar |
| 260 |
_aFlorencio Varela: _bUniversidad Nacional Arturo Jauretche, _c2021 |
||
| 300 | _a104 p. | ||
| 502 |
_bTesis para obtener el titulo de Licenciado/a. _cUniversidad Nacional Arturo Jauretche. |
||
| 540 |
_aEsta obra está bajo una Licencia Creative Commons Argentina. Reconocimiento – Compartir igual 4.0 _uhttps://creativecommons.org/licenses/by-sa/4.0/ |
||
| 630 | 0 |
_911487 _aLicenciatura en Kinesiología y Fisiatría |
|
| 650 | 2 | 7 |
_2decs _913225 _aGRUPO DE ATENCION AL PACIENTE |
| 650 | 2 | 7 |
_2decs _913224 _aDISFUNCION COGNITIVA |
| 650 | 2 | 7 |
_2decs _93095 _aSALUD MENTAL |
| 650 | 2 | 0 |
_2decs _912816 _aADULTOS MAYORES |
| 700 | 1 |
_914531 _aSombra, Victoria _eDirección |
|
| 856 | 4 | 1 |
_uhttps://rid.unaj.edu.ar/handle/123456789/2115 _qapplication/pdf |
| 942 |
_2ddc _cTF |
||
| 980 |
_620072 _a Regueira _820072 _g Matías Regueira |
||
| 999 |
_c7068 _d7068 |
||